[Event "Washington International 2012"]
[Site "Rockville USA"]
[Date "2012.07.31"]
[Round "8"]
[White "Defibaugh,J"]
[Black "Rozman,Levy"]
[Result "0-1"]
[WhiteElo "2263"]
[BlackElo "2200"]
[WhiteFideId "2005603"]
[BlackFideId "2039877"]
[EventDate "2012.07.28"]

1. e4 c6 2. d4 d5 3. e5 Bf5 4. h4 h5 5. c4 e6 6. Nc3 Ne7 7. Bg5 Qb6 8. Qd2 Nd7
9. Nge2 dxc4 10. Ng3 Bg6 11. Bxc4 O-O-O 12. Qe3 Qxb2 13. O-O Nb6 14. Bb3 Nbd5
15. Nxd5 Nxd5 16. Bxd5 Rxd5 17. Ne2 Rd7 18. d5 Rxd5 19. Nf4 Bc5 20. Qg3 Qxe5 21.
Rfe1 Qc7 22. Rac1 Rd3 23. Qh2 Bd6 24. g3 Bxf4 25. Bxf4 Qd7 26. a4 Qd5 27. a5
Qxa5 28. g4 Rhd8 29. Bb8 R3d4 30. gxh5 Bxh5 31. Ra1 Rg4+ 32. Kf1 Qb5+ 33. Re2
Qxe2+ 34. Kxe2 Rxh4+ 0-1

[Event "Washington International 2012"]
[Site "Rockville USA"]
[Date "2012.07.31"]
[Round "8"]
[White "Guadalupe,F"]
[Black "Ryba,N"]
[Result "1/2-1/2"]
[WhiteElo "2214"]
[BlackElo "2097"]
[WhiteFideId "2025671"]
[BlackFideId "2034611"]
[EventDate "2012.07.28"]

1. e4 c5 2. Nf3 d6 3. d4 cxd4 4. Nxd4 Nf6 5. Nc3 g6 6. Be2 Bg7 7. O-O O-O 8. Be3
Nc6 9. f4 Ng4 10. Bxg4 Bxd4 11. Bxd4 Bxg4 12. Qd2 Nxd4 13. Qxd4 Bd7 14. f5 Bc6
15. Rad1 Qa5 16. b4 Qe5 17. f6 exf6 18. Rxf6 Rae8 19. Rxd6 Bxe4 20. Qxe5 Rxe5
21. Re1 Rfe8 22. Nxe4 Rxe4 23. Rxe4 Rxe4 24. a3 Re7 25. c4 Rc7 26. c5 Kf8 27.
Kf2 Ke7 28. Ke2 Rc8 29. Rd3 b6 30. cxb6 axb6 31. Kd2 h5 32. Rc3 Rxc3 33. Kxc3 b5
34. Kb3 h4 35. a4 bxa4+ 36. Kxa4 Kd6 37. Kb5 f5 38. Kc4 h3 39. gxh3 g5 40. b5
Kc7 41. Kc5 f4 42. Kd4 Kb6 43. h4 gxh4 44. Ke4 Kxb5 45. Kxf4 Kc5 46. Kg4 h3 47.
Kxh3 Kd5 48. Kg4 1/2-1/2

[Event "Washington International 2012"]
[Site "Rockville USA"]
[Date "2012.07.31"]
[Round "8"]
[White "Vasilyev,M"]
[Black "Leve,Nitai D"]
[Result "1-0"]
[WhiteTitle "IM"]
[WhiteElo "2267"]
[BlackElo "2134"]
[WhiteFideId "14101254"]
[BlackFideId "2006898"]
[EventDate "2012.07.28"]

1. e4 e6 2. d4 d5 3. Nc3 Nf6 4. Bg5 Be7 5. e5 Nfd7 6. h4 a6 7. Nf3 c5 8. dxc5
Nc6 9. Bf4 Bxc5 10. Qd2 b5 11. Bd3 Bb7 12. O-O f6 13. Rfe1 fxe5 14. Nxe5 Ndxe5
15. Bxe5 Nxe5 16. Rxe5 Qf6 17. Rxe6+ Qxe6 18. Re1 Qxe1+ 19. Qxe1+ Kd7 20. Bf5+
Kc7 21. Qe5+ Kb6 22. Qxg7 Raf8 23. Qe5 Rhg8 24. g4 h5 25. g5 Re8 26. Nxd5+ Ka7
27. Be6 1-0

[Event "Washington International 2012"]
[Site "Rockville USA"]
[Date "2012.07.31"]
[Round "8"]
[White "Yagiz,B"]
[Black "Hess,Peter"]
[Result "0-1"]
[WhiteElo "1909"]
[BlackElo "1921"]
[WhiteFideId "2026651"]
[BlackFideId "2055066"]
[EventDate "2012.07.28"]

1. e4 c5 2. Nf3 g6 3. d4 cxd4 4. Qxd4 Nf6 5. Nc3 Nc6 6. Qa4 Bg7 7. e5 Ng8 8. Bf4
Nh6 9. h3 O-O 10. O-O-O a6 11. Be2 Ra7 12. g4 b5 13. Qe4 f5 14. exf6 exf6 15.
Qd5+ Kh8 16. Be3 Rb7 17. Ne4 Ne7 18. Qd2 Nf7 19. Nc5 Rc7 20. Kb1 d5 21. b4 Ne5
22. Nd4 Qd6 23. Bf4 Rd8 24. Bh2 N7c6 25. Ndb3 Qf8 26. f4 Nc4 27. Qe1 Re7 28. c3
Rde8 29. Nc1 d4 30. cxd4 f5 31. N5b3 fxg4 32. Qc3 Rxe2 33. Nxe2 Rxe2 34. hxg4
Rb2+ 35. Ka1 Nxb4 36. Qxb2 Nxb2 37. Kxb2 Bxg4 38. Rd2 Nd5 39. Bg3 Qb4 40. Rc1
Nb6 41. Rc6 Nc4+ 0-1

[Event "Washington International 2012"]
[Site "Rockville USA"]
[Date "2012.08.01"]
[Round "9.3"]
[White "Gelashvili,T"]
[Black "Gareev,T"]
[Result "1/2-1/2"]
[WhiteTitle "GM"]
[BlackTitle "GM"]
[WhiteElo "2604"]
[BlackElo "2658"]
[WhiteFideId "13600702"]
[BlackFideId "14200937"]
[EventDate "2012.07.28"]

1. d4 d5 2. Nf3 Nf6 3. c4 c6 4. Nc3 a6 5. cxd5 cxd5 6. Bf4 Nc6 7. Ne5 Qb6 8.
Nxc6 bxc6 9. f3 Qxb2 10. Na4 Qb4+ 11. Kf2 Bf5 12. a3 Qa5 13. Rc1 e5 14. dxe5 Nd7
15. Rxc6 Bxa3 16. Bd2 Qd8 17. Bf4 O-O 18. Qxd5 Be6 19. Qd3 Qe7 20. e3 Rfd8 21.
Qc2 Qb4 22. Rc3 Rab8 23. Bc4 Nf8 24. Ra1 Bxc4 25. Raxa3 Ne6 26. Qc1 Bb5 27. Nc5
Nxc5 28. Rxc5 Rd2+ 29. Kg1 Be8 30. Rb3 Rxg2+ 31. Kxg2 Qxb3 32. e6 Qb2+ 33. Kg3
Qxc1 34. Rxc1 Ra8 35. exf7+ Bxf7 36. Bd6 a5 37. e4 a4 38. Rc3 Rd8 39. Be7 Re8
40. Rc7 h6 41. Ra7 Bb3 42. Ba3 Rb8 43. Bd6 Rb5 44. f4 Bc2 45. e5 Rb3+ 46. Kf2
Bf5 47. h4 Rb2+ 48. Ke3 Rb3+ 49. Kf2 Rb2+ 50. Ke3 1/2-1/2

[Event "Washington International 2012"]
[Site "Rockville USA"]
[Date "2012.08.01"]
[Round "9"]
[White "Hunt,A"]
[Black "Friedel,J"]
[Result "1/2-1/2"]
[WhiteTitle "IM"]
[BlackTitle "GM"]
[WhiteElo "2447"]
[BlackElo "2503"]
[WhiteFideId "403970"]
[BlackFideId "2017199"]
[EventDate "2012.07.28"]

1. e4 e5 2. Nf3 Nc6 3. Bb5 a6 4. Ba4 Nf6 5. O-O b5 6. Bb3 Bc5 7. a4 Rb8 8. c3 d6
9. d4 Bb6 10. a5 Ba7 11. Be3 Bg4 12. dxe5 Bxf3 13. Qxf3 Nxe5 14. Qe2 Bxe3 15.
Qxe3 O-O 16. Nd2 Re8 17. f4 Ned7 18. Bc2 Nc5 19. Rae1 1/2-1/2

[Event "Washington International 2012"]
[Site "Rockville USA"]
[Date "2012.08.01"]
[Round "9"]
[White "Sarkar,J"]
[Black "Colas,Joshua"]
[Result "1-0"]
[WhiteTitle "IM"]
[WhiteElo "2396"]
[BlackElo "2126"]
[WhiteFideId "2010011"]
[BlackFideId "2044447"]
[EventDate "2012.07.28"]

1. d4 Nf6 2. c4 e6 3. Nc3 Bb4 4. Qc2 O-O 5. a3 Bxc3+ 6. Qxc3 d5 7. Nf3 Ne4 8.
Qc2 Nd7 9. e3 Ndf6 10. Bd3 c5 11. cxd5 Qxd5 12. O-O cxd4 13. Nxd4 Bd7 14. f3 Nd6
15. Rd1 Rac8 16. Qe2 Qc5 17. Bd2 Nd5 18. Qf2 Nb5 19. Bxb5 Bxb5 20. e4 Nb6 21.
Bb4 Qe5 22. Bxf8 Rxf8 23. f4 Qh5 24. Qf3 Qxf3 25. gxf3 Ba6 26. Kf2 g6 27. b3 Re8
28. Rac1 e5 29. fxe5 Rxe5 30. Rc7 Kg7 31. Rdc1 Rh5 32. Kg3 Rg5+ 33. Kf4 Rh5 34.
Ne6+ Kh6 35. Rxf7 Rxh2 36. Rcc7 1-0

[Event "Washington International 2012"]
[Site "Rockville USA"]
[Date "2012.08.01"]
[Round "9"]
[White "Foisor,S"]
[Black "Krause,Benjamin W"]
[Result "1/2-1/2"]
[WhiteTitle "WGM"]
[WhiteElo "2356"]
[BlackElo "2205"]
[WhiteFideId "1212915"]
[BlackFideId "2031965"]
[EventDate "2012.07.28"]

1. d4 Nf6 2. c4 e6 3. Nc3 Bb4 4. Qc2 d5 5. cxd5 exd5 6. Bg5 c5 7. e3 h6 8. Bb5+
Nc6 9. Bxf6 Qxf6 10. Ne2 O-O 11. O-O Bf5 12. Bd3 Bxd3 13. Qxd3 Bxc3 14. bxc3 c4
15. Qb1 Rab8 16. Qb5 Qd6 17. e4 dxe4 18. Ng3 Rfe8 19. Rae1 a6 20. Qxc4 b5 21.
Qb3 Na5 22. Qc2 Qa3 23. Rxe4 Rec8 24. Re3 Nc4 25. Rf3 Qb2 26. Qxb2 Nxb2 27. Nf5
Kf8 28. Re1 Na4 29. Nd6 Rc7 30. h4 Rd8 31. Rfe3 g6 32. Ne4 Kg7 33. g3 f5 34. Nc5
Nxc5 35. dxc5 Kf7 36. Re5 Rd3 37. R1e3 Rxe3 38. fxe3 Rc6 39. h5 Kf6 40. Rd5 gxh5
41. Kf2 Ke6 42. e4 fxe4 43. Rxh5 Kd7 44. Re5 Rf6+ 45. Ke3 Rf3+ 46. Kxe4 Rxg3 47.
Rh5 1/2-1/2

[Event "Washington International 2012"]
[Site "Rockville USA"]
[Date "2012.08.01"]
[Round "9"]
[White "Rozman,Levy"]
[Black "Ostrovskiy,Al"]
[Result "0-1"]
[BlackTitle "FM"]
[WhiteElo "2200"]
[BlackElo "2351"]
[WhiteFideId "2039877"]
[BlackFideId "2034239"]
[EventDate "2012.07.28"]

1. e4 c6 2. d4 d5 3. Nc3 dxe4 4. Nxe4 Bf5 5. Ng3 Bg6 6. h4 h6 7. Nh3 e6 8. Nf4
Bh7 9. Bd3 Qxd4 10. Be3 Qd6 11. Nxe6 Qxe6 12. Bxh7 Rxh7 13. Qd3 g6 14. O-O-O Be7
15. Bc5 Qd5 16. Rhe1 Qxd3 17. Rxd3 Nd7 18. Bxe7 Nxe7 19. Ne4 f5 20. Rxd7 fxe4
21. Rxb7 Rf7 22. Rxe4 Kf8 23. Re6 Re8 24. h5 Rxf2 25. hxg6 Nxg6 26. Rxe8+ Kxe8
27. Rh7 Rxg2 28. Rxh6 Kd7 29. b3 Kc7 30. Kb2 Nf4 31. a4 a5 32. Rf6 Nd3+ 0-1

[Event "Washington International 2012"]
[Site "Rockville USA"]
[Date "2012.08.01"]
[Round "9"]
[White "Ryba,Andrew"]
[Black "Defibaugh,J"]
[Result "1/2-1/2"]
[WhiteElo "2162"]
[BlackElo "2263"]
[WhiteFideId "2034603"]
[BlackFideId "2005603"]
[EventDate "2012.07.28"]

1. d4 Nf6 2. c4 g6 3. g3 c6 4. Bg2 d5 5. cxd5 cxd5 6. Nf3 Bg7 7. Nc3 Ne4 8. Qb3
Nxc3 9. bxc3 Nc6 10. Nd2 e6 11. Ba3 Na5 12. Qb2 Bd7 13. Rc1 Rc8 14. e4 Bc6 15.
e5 Qb6 16. Bb4 Bf8 17. Qa3 Nc4 18. Nxc4 dxc4 19. Bxf8 Rxf8 20. O-O Bxg2 21. Kxg2
Qc6+ 22. f3 1/2-1/2

[Event "Washington International 2012"]
[Site "Rockville USA"]
[Date "2012.08.01"]
[Round "9"]
[White "Ryba,N"]
[Black "Vasilyev,M"]
[Result "1/2-1/2"]
[BlackTitle "IM"]
[WhiteElo "2097"]
[BlackElo "2267"]
[WhiteFideId "2034611"]
[BlackFideId "14101254"]
[EventDate "2012.07.28"]

1. e4 c5 2. Nf3 Nc6 3. Bb5 g6 4. O-O Bg7 5. c3 d5 6. exd5 Qxd5 7. h3 Nf6 8. d4
cxd4 9. Nxd4 Bd7 10. Bxc6 bxc6 11. Qe2 O-O 12. Rd1 Rfe8 13. Na3 Rad8 14. Be3 Qa5 1/2-1/2

[Event "Washington International 2012"]
[Site "Rockville USA"]
[Date "2012.08.01"]
[Round "9"]
[White "Barnett,A"]
[Black "Guadalupe,F"]
[Result "1-0"]
[WhiteElo "2243"]
[BlackElo "2214"]
[WhiteFideId "2019906"]
[BlackFideId "2025671"]
[EventDate "2012.07.28"]

1. e4 e5 2. Nf3 Nc6 3. Bc4 Nf6 4. d3 Bc5 5. c3 d6 6. Bb3 O-O 7. Nbd2 a6 8. h3
Ba7 9. O-O h6 10. Nc4 b5 11. Ne3 Rb8 12. a3 Ne7 13. Nh4 g5 14. Qf3 Kg7 15. Nhf5+
Nxf5 16. Nxf5+ Bxf5 17. Qxf5 Qd7 18. Qf3 Ng8 19. Be3 c5 20. Qd1 Ne7 21. d4 Qc7
22. h4 f6 23. Be6 Ng6 24. g3 cxd4 25. cxd4 exd4 26. Bd2 Rbe8 27. Rc1 Qb7 28. Bd5
Qe7 29. Ba5 Rc8 30. Qg4 Rc5 31. Rxc5 dxc5 32. f4 Bb8 33. hxg5 fxg5 34. e5 gxf4
35. gxf4 h5 36. Qg2 Kh6 37. Bd2 Nh4 38. f5+ Kh7 39. f6 Qd7 40. Be4+ Kh8 41. Qg3
Bxe5 42. Qxh4 Qg4+ 43. Qxg4 hxg4 44. Bg5 d3 45. Bxd3 Bxb2 46. Kg2 c4 47. Be4
Bxa3 48. Rh1+ Kg8 49. Bd5+ Rf7 50. Bh6 1-0

[Event "Washington International 2012"]
[Site "Rockville USA"]
[Date "2012.08.01"]
[Round "9"]
[White "Fink,S"]
[Black "Zimmer,Ra"]
[Result "1/2-1/2"]
[BlackTitle "FM"]
[WhiteElo "2107"]
[BlackElo "2202"]
[WhiteFideId "2002175"]
[BlackFideId "2001217"]
[EventDate "2012.07.28"]

1. d4 Nf6 2. c4 c5 3. d5 b5 4. cxb5 a6 5. b6 e6 6. dxe6 fxe6 7. Nf3 Qxb6 8. g3
d5 9. Bg2 Be7 10. O-O O-O 11. Nc3 Bb7 12. Na4 Qc6 13. Bg5 Nbd7 14. b4 h6 15. Bf4
Ne4 16. Nxc5 Ndxc5 17. Nd4 Qe8 18. bxc5 Bxc5 19. Be5 Qh5 20. f4 Qg6 21. Rc1 Rac8
22. Qb3 Ba8 23. Qd3 Rc6 24. e3 Rb6 25. Rxc5 1/2-1/2

[Event "Washington International 2012"]
[Site "Rockville USA"]
[Date "2012.08.01"]
[Round "9"]
[White "Chevannes,S"]
[Black "Liang,Awonder"]
[Result "1-0"]
[WhiteTitle "WFM"]
[BlackTitle "FM"]
[WhiteElo "2090"]
[BlackElo "1922"]
[WhiteFideId "411280"]
[BlackFideId "2056437"]
[EventDate "2012.07.28"]

1. d4 d5 2. Bf4 Nf6 3. e3 e6 4. Nf3 Bd6 5. Bg3 O-O 6. Bd3 b6 7. Nbd2 c5 8. c3
cxd4 9. exd4 Ba6 10. Bxa6 Nxa6 11. Bxd6 Qxd6 12. O-O Nb8 13. Ne5 Nbd7 14. Qe2 b5
15. a3 a5 16. Ndf3 Rfb8 17. Ng5 Rf8 18. Rfe1 Rab8 19. Qd3 h6 20. Nexf7 Rxf7 21.
Rxe6 Qf8 22. Nxf7 Qxf7 23. Re3 Nf8 24. Rae1 Ng6 25. f3 b4 26. cxb4 axb4 27. a4
Nh5 28. g3 Rf8 29. a5 Kh7 30. a6 Kg8 31. b3 Nf6 32. Re6 h5 33. Rb6 Kh7 34. Rb7
Nd7 35. a7 h4 36. Ra1 Ra8 37. Ra6 hxg3 38. hxg3 Qe8 39. Qxg6+ Qxg6 40. Rxg6 Kxg6
41. Rxd7 Kf6 42. Rb7 g5 43. Kf2 Kf5 44. g4+ Kf6 45. Kg3 Kg6 46. f4 gxf4+ 47.
Kxf4 Kf6 48. g5+ Kg6 49. Ke5 Kxg5 50. Kxd5 Kf4 51. Kc5 Ke3 52. d5 Kd3 53. Kb6
Kc3 54. Rb8 Rxa7 55. Kxa7 Kxb3 56. d6 Ka3 57. d7 b3 58. d8=Q Kb2 59. Qb6 Kc3 60.
Qf2 1-0